Top Indonesian Bands / Group Names - Statistics

General Stats
  • This quiz has been taken 28 times
  • The average score is 17 of 50
Answer Stats
Answer % Correct
dewa 19
100%
noah
70%
slank
70%
sheila on 7
65%
peterpan
61%
armada
57%
ungu
57%
dmasiv
48%
radja
48%
st12
48%
vierratale
48%
andra and the backbone
43%
kangen band
43%
nidji
43%
wali
43%
kerispatih
39%
kotak
39%
ada band
35%
letto
35%
naif
35%
dbagindas
30%
gigi
30%
hivi
30%
jamrud
30%
seventeen
30%
the virgin
30%
utopia
30%
yovie and nuno
30%
geisha
26%
jrocks
26%
project pop
26%
the changcuters
26%
the rock
26%
cokelat
22%
feast
22%
hello
22%
kahitna
22%
last child
22%
samsons
22%
superman is dead
22%
lyla
17%
netral
17%
club eighties
13%
lomba sihir
13%
repvblik
13%
zigaz
13%
pee wee gaskins
9%
endank soekamti
4%
coldiac
0%
reality club
0%
No matching quizzes found
Score Distribution
Percent of People with Each Score
Percentile by Number Answered
Your Score History
You have not taken this quiz